Responses for show #6610 - Friday, May 17, 2013

2013 College Championship final game 2.

Contestants

[<< previous game]

Kristen Jolley, a senior at the Georgia Institute of Technology from Alpharetta, Georgia (subtotal of $10,000)

Trevor Walker, a sophomore at MIT from Miami Shores, Florida (subtotal of $11,000)

Jim Coury, a sophomore from Georgetown University from Olmsted Falls, Ohio (subtotal of $8,600)

[next game >>]

Jeopardy! Round responses

FAMOUS FIRSTS
OLD JOBS
METROPOLITAN PARTNERS
YOU GOT AN "F" PLUS!
POEMS IN VIDEO GAMES
THE WORK OF THE CLINTON FOUNDATION
    $200 16
(Trevor: Who is Harrison?)
(Alex: Which one?)
(Trevor: [*].)
(Alex: Correct. You know there were two?)

William Henry Harrison

Trevor
    $200 11
leather

Trevor
    $200 25
Los Angeles

Jim
    $200 1
a fable

Trevor
    $200 6
Marvel

Trevor
    $200 26
malaria

Trevor
    $400 17
(Jim: What is the Daytona 500?)

the Indy 500

JimKristen
    $400 12
a loom

Kristen
    $400 24
Washington, D.C.

Kristen
    $400 2
facsimile

Jim
    $400 7
Diablo

Kristen
    $400 30
the American Heart Association

Triple Stumper
    $600 18
William and Mary

Jim
    $600 13
(Trevor: What is domestic?)
(Kristen: What is indentured?)

yeoman

TrevorKristen
Triple Stumper
    $600 23
Seattle

Jim
    $600 3
fiat

Jim
    $600 8
an ocarina

Trevor
    $5,400 29
Rwanda

Jim
    $800 20
(Kristen: What is a vacuum?)
(Alex: No.)
[Laughter]

a computer

JimKristen
    $800 14
blacksmith

Jim
    $800 19
Phoenix

Kristen
    $800 4
foregone

Kristen
    $800 9
Portal

Kristen
    $800 27
Rio de Janeiro

Jim
    $1000 21
John Jay

Jim
    $1000 15
a sharecropper

Kristen
    $1000 22
New Orleans

Triple Stumper
    $1000 5
fidelity

Trevor
    $1000 10
Mordor

Trevor
    $1000 28
cataracts

Triple Stumper

Scores at the first commercial break (after clue 15):

Jim Trevor Kristen
$1,800 $2,600 $2,800

Scores at the end of the Jeopardy! Round:

Jim Trevor Kristen
$10,800 $3,000 $3,600

Double Jeopardy! Round responses

BIBLICAL GEOGRAPHY
WILL FERRELL MOVIES BY QUOTE
SCIENCE FICTION
DORM DEBATES
INVERTEBRATES
FORGET U
(Alex: We need two responses for each clue--one will be minus the letter "U".)
    $400 25
Nazareth

Kristen
    $400 10
(Gene) Roddenberry

Trevor
    $400 20
(Kristen: What is Monster?)

Rock Star

TrevorKristen
    $400 12
a jellyfish

Jim
    $400 1
house & hose

Kristen
    $800 19
(the Garden of) Eden

Trevor
    $800 26
Talladega Nights

Kristen
    $800 11
Dune

Jim
    $800 21
(Alex: Sometime best friend, [*].)

Hannah

Triple Stumper
    $800 6
a horseshoe crab

Kristen
    $800 2
buoy & boy

Jim
    $3,000 17
(Kristen: What is Galalee?)

Babylon

Kristen
    $1200 27
[The end-of-round signal sounds.]

Anchorman

Kristen
    $1200 13
(Trevor: What are college professors?)
(Alex: Be a little more specific.)
(Trevor: [No response])
...
(Alex: [Pouts, looks at judges] We'll accept [*], yes.)

history professors

JimTrevor
    $1200 22
kissing

Triple Stumper
    $1200 7
spiders

Trevor
    $1200 3
bound & bond

Kristen
    $1600 16
Elijah

Kristen
    $5,000 14
(Jim: What is I, Robot?)

I Am Legend

Jim
    $1600 23
the metric system

Jim
    $1600 8
an earthworm

Trevor
    $1600 4
tout & tot

Jim
    $2000 18
Nineveh

Kristen
    $2000 15
William Gibson

Triple Stumper
    $2000 24
free will

Jim
    $2000 9
the praying mantis

Triple Stumper
    $2000 5
value & vale

Trevor

Scores at the end of the Double Jeopardy! Round:

Jim Trevor Kristen
$14,200 $8,200 $8,600

[wagering suggestions for these scores]

Final Jeopardy! Round responses

THE CIVIL WAR
TrevorWhat is North Carolina?
$3,601
KristenWhat is Georgia?
$4,199
JimWhat is Tennessee?
$11,789
Tennessee

Final scores:

Jim Trevor Kristen
$25,989 $4,599 $4,401

Cumulative scores:

Jim Trevor Kristen
$34,589 $15,599 $14,401
Tournament champion: $100,000 + a trophy 1st runner-up: $50,000 2nd runner-up: $25,000

Game dynamics:

Coryat scores:

Jim Trevor Kristen
$14,400 $8,200 $11,600
17 R
(including 1 DD),
2 W
(including 1 DD)
14 R,
2 W
16 R,
4 W
(including 1 DD)

Combined Coryat: $34,200

The J! Archive is created by fans, for fans. The Jeopardy! game show and all elements thereof, including but not limited to copyright and trademark thereto, are the property of Jeopardy Productions, Inc. and are protected under law. This website is not affiliated with, sponsored by, or operated by Jeopardy Productions, Inc. Join the discussion at JBoard.tv.